000 00657nam a2200217Ia 4500
003 IN-BaIIA
008 211028s9999 xx 000 0 eng d
020 _a90-277-0674-3
040 _cIIA Library
080 _a082.2:52
_bIAU-S72
245 0 _aAbundance effects in classification
_cedited by B. Hauck and P.C. Keenan.
260 _aDordrecht
_bD. Reidel Publishing
_c1976
300 _axxviii, 264p.
650 _aAbundance
_94785
650 _aAstronomy and Astrophysics Thesaurus
650 _aSpectral classification
_93993
650 _aSpectral types
_99487
700 _aHauck, B., ed.
_97873
700 _aKeenan, P. C., ed.
_99488
942 _cBK
999 _c5461
_d5461